Sociálno-priestorová identifikácia obyvateľov Slovenska s nízkym príjmom
Slovensko, podobne ako ostatné postkomunistické krajiny, zaznamenalo po roku 1989 nárast príjmových nerovností obyvateľstva. Nerovnosť príjmov je v podmienkach Slovenska deformovaná a determinovaná minulým a súčasným vývojom, ale aj nedostatkom finančných zdrojov štátu. Analýza úrovne príjmových ner...
Saved in:
| Main Author: | |
|---|---|
| Format: | Book Chapter |
| Language: | Slovak |
| Subjects: | |
| Tags: |
No Tags, Be the first to tag this record!
|
MARC
| LEADER | 00000naa$a2200000$$$4500 | ||
|---|---|---|---|
| 001 | 0054772 | ||
| 005 | 20231102101012.2 | ||
| 041 | 0 | |a slo | |
| 044 | |a SK | ||
| 245 | 1 | 0 | |a Sociálno-priestorová identifikácia obyvateľov Slovenska s nízkym príjmom |c Anton Michálek |
| 520 | |a Slovensko, podobne ako ostatné postkomunistické krajiny, zaznamenalo po roku 1989 nárast príjmových nerovností obyvateľstva. Nerovnosť príjmov je v podmienkach Slovenska deformovaná a determinovaná minulým a súčasným vývojom, ale aj nedostatkom finančných zdrojov štátu. Analýza úrovne príjmových nerovností s dôrazom na obyvateľstvo s nízkym príjmom a identifikácia obcí s najvyššou kocentráciou nízkopríjmového obyvateľstva. Získané výsledky o úrovni. štruktúre, charaktere a lokalite nízkopríjmového obyvateľstva sú významné nielen z poznávacieho aspektu, ale aj z potrieb sociálnej, regionálnej a komunálnej politiky. | ||
| 610 | 2 | 0 | |a Slovensko |
| 610 | 2 | 0 | |a obyvateľstvo |
| 610 | 2 | 0 | |a príjmy obyvateľstva |
| 610 | 2 | 0 | |a nerovnosť |
| 610 | 2 | 0 | |a nerovnosť sociálna |
| 610 | 2 | 0 | |a domácnosti |
| 610 | 2 | 0 | |a obce |
| 100 | 1 | |a Michálek, Anton | |